Les titres musicaux n°1 en France en 2013 - Statistiques

Statistiques générales
  • Ce quiz a été pris 173 fois
  • Le résultat moyen est 11 sur 15
Statistiques - réponses
Titre Interprète % Correct
Papaoutai Stromae
100%
Formidable Stromae
100%
Tous les mêmes Stromae
100%
J'me tire Maître Gims
96%
Gangnam Style Psy
96%
Game over Vitaa, Maître Gims
96%
Scream & Shout Will.i.am, Britney Spears
95%
Get lucky Daft Punk, Pharrell Williams, Nile Rodgers
89%
Happy Pharrell Williams
89%
Wake me up! Avicii, Aloe Blacc
72%
The Monster Rihanna, Eminem
68%
Thrift Shop Macklemore, Ryan Lewis, Wanz
67%
Blurred Lines Robin Thicke, T.I., Pharrell Williams
62%
Vandaag Bakermat
12%
Un arc-en-ciel Bénabar, Patrick Bruel, Cali, Marina
3%
Aucun quiz correspondant
Distribution des résultats
% des personnes avec chaque résultat
Percentile par nombre de réponses
Votre historique - résultats
Vous n’avez pas pris ce quiz